000 00626nam a22001817a 4500
003 BD-DhUL
005 20180227093024.0
008 180227s1999 bg a|||| b||| 00| 0 eng d
040 _aBD-DhUL
_cBD-DhUL
082 _222
_a341.23
_bUNP
110 _aUnited Nations Information Centre.
245 _apeople's United Nations :
_bTwenty-five years of Bangladesh in the United Nations /
_cUnited Nations Information Centre.
260 _aDhaka :
_bUnited Nations Information Centre,
_c1999.
300 _a[6], 119 p. ;
_c21 cm.
504 _aIncludes bibliographical references.
650 0 _aUnited Nations.
942 _2ddc
_cBK
999 _c238553
_d238553